The post office project book

Bibliographic Details
Main Author: Barrow, Jean
Format: Book
Published: London : Watts Books , 1992
Series:Project Book Series
Subjects:

MARC

LEADER 00000cam a2200000 7i4500
001 0000004609
002 000004971
005 20060206.0
020 |a 0749612770 
090 0 0 |a 030   |b PRO 
100 1 |a Barrow, Jean 
245 1 4 |a The post office project book   |c Jean Barrow 
260 |a London :   |b Watts Books ,   |c 1992 
300 |a 32 p. :   |b ill. ;   |c 28 cm. 
490 0 |a Project Book Series 
650 0 0 |a Post Office   |x History   |x Juvenile literature 
999 |a 037412   |b BUKU   |c JUNIOR BOOKS   |e PERPUSTAKAAN KOMUNITI PETALING JAYA